Studies on adhesion between natural rubber and polybutadiene rubber (Record no. 69546)

MARC details
000 -LEADER
fixed length control field 00476nam a2200145Ia 4500
100 ## - MAIN ENTRY--AUTHOR NAME
Personal name Loha P
245 #0 - TITLE STATEMENT
Title Studies on adhesion between natural rubber and polybutadiene rubber
260 ## - PUBLICATION, DISTRIBUTION, ETC. (IMPRINT)
Name of publisher Rubbercon 87: Proceedings of the International Rubber Conference, U.K, 1987, Group A, p37A. 1-11
650 ## - SUBJECT ADDED ENTRY--TOPICAL TERM
Topical Term Natural rubber
650 ## - SUBJECT ADDED ENTRY--TOPICAL TERM
Topical Term Polybutadiene rubber
700 ## - ADDED ENTRY--PERSONAL NAME
Personal name Bhowmick A K
700 ## - ADDED ENTRY--PERSONAL NAME
Personal name Chakravarty S N
942 ## - ADDED ENTRY ELEMENTS (KOHA)
Koha item type Journals
Holdings
Withdrawn status Lost status Damaged status Not for loan Home library Current library Shelving location Date acquired Koha item type
      Journals RRII Library RRII Library Rubber chemistry 17/12/2021 Journals